Random Members of the New York State Senate by Picture - Statistics

General Stats
  • This quiz has been taken 21 times
  • The average score is 7 of 16
Answer Stats
Picture Answer % Correct
James Sanders
100%
James Skoufis
100%
Jessica Ramos
100%
John Liu
100%
Julia Salazar
100%
Michael Gianaris
100%
Pam Helming
100%
Roxanne Persaud
100%
Sean Ryan
100%
Siela Bynoe
100%
Andrew Gounardes
50%
Brad Hoylman-Sigal
50%
Dan Stec
50%
Dean Murray
50%
Mario Mattera
50%
Monica Martinez
50%
Peter Harckham
50%
Toby Ann Stavisky
50%
Alexis Weik
0%
Andrea Stewart-Cousins
0%
Andrew Lanza
0%
Anthony Palumbo
0%
April Baskin
0%
Bill Weber
0%
Brian Kavanagh
0%
Chris Ryan
0%
Cordell Cleare
0%
George Borrello
0%
Gustavo Rivera
0%
Jabari Brisport
0%
Jack Martins
0%
Jake Ashby
0%
Jamaal Bailey
0%
Jeremy Cooney
0%
Jessica Scarcella-Spanton
0%
Jim Tedisco
0%
Joseph Addabbo
0%
Joseph Griffo
0%
Jose Serrano
0%
Kevin Parker
0%
Kristen Gonzalez
0%
Lea Webb
0%
Leroy Comrie
0%
Liz Krueger
0%
Luis R. Sepúlveda
0%
Mark Walczyk
0%
Michelle Hinchey
0%
Nathalia Fernandez
0%
Patricia Canzoneri-Fitzpatrick
0%
Patricia Fahy
0%
Patrick Gallivan
0%
Peter Oberacker
0%
Rachel May
0%
Robert Jackson
0%
Robert Rolison
0%
Rob Ortt
0%
Samra Brouk
0%
Sam Sutton
0%
Shelley Mayer
0%
Stephen Chan
0%
Steven Rhoads
0%
Tom O'Mara
0%
Zellnor Myrie
0%
No matching quizzes found
Score Distribution
Percent of People with Each Score
Percentile by Number Answered
Your Score History
You have not taken this quiz